[Event "Schachfestival Senioren"]
[Site "Bad Woerishofen"]
[Date "2023.03.03"]
[Round "1.53"]
[White "Wild, Helmut"]
[Black "Grandl, Klaus"]
[Result "1-0"]
[WhiteElo "1855"]
[BlackElo "1546"]
[PlyCount "93"]
[EventDate "2023.??.??"]
[WhiteTeam "SK Gau-Algesheim"]

1. c4 e5 2. Nc3 Nf6 3. Nf3 d6 4. g3 h6 5. Bg2 Be7 6. d3 O-O 7. O-O Nh7 8. Nd5 Nd7 9. b4 Ndf6 10. Nd2 Nxd5 11. Bxd5 c6 12. Bg2 a6 13. a4 Ng5 14. Bb2 Bh3 15. Nf3 Bxg2 16. Kxg2 Ne6 17. e3 Bf6 18. Qb3 Qc8 19. Rac1 Ng5 20. Nxg5 Bxg5 21. f4 Bf6 22. c5 Qe6 23. Qxe6 fxe6 24. cxd6 exf4 25. Bxf6 Rxf6 26. gxf4 Rd8 27. e4 Rdf8 28. e5 Rf5 29. b5 axb5 30. axb5 cxb5 31. Rf3 R5f7 32. Rc5 Kh7 33. Kg3 Kg6 34. d4 Kf5 35. Re3 Kg6 36. Re4 Kh5 37. h4 g5 38. hxg5 hxg5 39. Rxb5 Rxf4 40. Rxf4 Rxf4 41. d5 Ra4 42. d7 Ra3+ 43. Kf2 Ra2+ 44. Ke3 Ra3+ 45. Kd4 Ra8 46. dxe6 Rd8 47. Rxb7 1-0

[Event "Schachfestival Senioren"]
[Site "Bad Woerishofen"]
[Date "2023.03.03"]
[Round "1.54"]
[White "Schumacher, Ursula"]
[Black "Kievelitz, Bernd"]
[Result "0-1"]
[WhiteElo "1514"]
[BlackElo "1854"]
[PlyCount "82"]
[EventDate "2023.??.??"]
[BlackTeam "Zitadelle Spandau"]

1. c4 b6 2. Nc3 Bb7 3. e4 e6 4. a3 c5 5. Nf3 a6 6. g3 Qc7 7. Bg2 d6 8. b3 Nf6 9. d3 Be7 10. Bb2 O-O 11. O-O Nc6 12. Ne2 Rad8 13. Rc1 Rd7 14. Qc2 Rfd8 15. h3 Ne8 16. h4 Bf6 17. Rfd1 Bxb2 18. Qxb2 d5 19. exd5 exd5 20. d4 dxc4 21. Rxc4 Qd6 22. Bh3 Na5 23. Bxd7 Nxc4 24. bxc4 Bxf3 25. Bxe8 Rxe8 26. Re1 Qe6 27. Kh2 g5 28. Qd2 Bxe2 29. Qxg5+ Qg6 30. dxc5 Qxg5 31. hxg5 bxc5 32. f4 Kf8 33. Kg2 Bxc4 34. Rc1 Bd5+ 35. Kf2 c4 36. Rc3 Kg7 37. Re3 Rxe3 38. Kxe3 f5 39. Kd4 Bf7 40. Kc3 Kg6 41. Kb4 Kh5 0-1

[Event "Schachfestival Senioren"]
[Site "Bad Woerishofen"]
[Date "2023.03.03"]
[Round "1.55"]
[White "Wulf, Juergen"]
[Black "Jovi, Klaus"]
[Result "1-0"]
[WhiteElo "1841"]
[BlackElo "1510"]
[PlyCount "61"]
[EventDate "2023.??.??"]
[WhiteTeam "Markdorf"]
[BlackTeam "Ohne Verein"]

1. d4 Nf6 2. Nf3 g6 3. g3 b6 4. Bg2 Bb7 5. O-O Bg7 6. c4 O-O 7. Nbd2 d6 8. Qc2 Nbd7 9. b3 Rb8 10. Bb2 c5 11. d5 a6 12. e4 Qc7 13. Rfe1 e5 14. dxe6 fxe6 15. Bh3 e5 16. Ng5 Rfe8 17. Ne6 Qc6 18. Nxg7 Kxg7 19. Rad1 Nf8 20. f4 Bc8 21. Bxc8 Qxc8 22. Nf3 Qc7 23. Qd2 Rbd8 24. Qc3 Kg8 25. fxe5 dxe5 26. Rxd8 Rxd8 27. Nxe5 Rd4 28. Nf3 Nxe4 29. Rxe4 Rxe4 30. Qh8+ Kf7 31. Ng5+ 1-0

[Event "Schachfestival Senioren"]
[Site "Bad Woerishofen"]
[Date "2023.03.03"]
[Round "1.57"]
[White "Zwetz, Anita"]
[Black "Hoefer, Frank"]
[Result "1-0"]
[WhiteElo "1827"]
[BlackElo "1425"]
[PlyCount "67"]
[EventDate "2023.??.??"]
[WhiteTeam "TSV Kareth-Lappersdorf"]
[BlackTeam "TSV Forstenried e.V."]

1. d4 d5 2. Nf3 Nf6 3. Bg5 Bf5 4. e3 e6 5. c4 c6 6. Nbd2 Be7 7. Be2 Ne4 8. Bxe7 Qxe7 9. a3 a5 10. Rc1 O-O 11. O-O Nd7 12. Nxe4 Bxe4 13. Nd2 Bg6 14. Bh5 Bxh5 15. Qxh5 f5 16. f4 Nf6 17. Qh4 Qf7 18. c5 Kh8 19. Nf3 Qh5 20. Qxh5 Nxh5 21. Ne5 Nf6 22. Rf3 Rac8 23. b4 axb4 24. axb4 Rc7 25. Ra1 Nd7 26. Nxd7 Rxd7 27. Ra7 h6 28. Rf1 Kh7 29. Rb1 Rff7 30. b5 b6 31. Rxd7 Rxd7 32. bxc6 Rc7 33. cxb6 Rxc6 34. b7 1-0

[Event "Schachfestival Senioren"]
[Site "Bad Woerishofen"]
[Date "2023.03.03"]
[Round "1.58"]
[White "Walther, Renate"]
[Black "Emser, Heinrich"]
[Result "0-1"]
[WhiteElo "1220"]
[BlackElo "1822"]
[PlyCount "32"]
[EventDate "2023.??.??"]
[WhiteTeam "SK 1911 Herzogenaurach e.V."]
[BlackTeam "Vereinslos"]

1. e4 e5 2. d4 exd4 3. Qxd4 Nc6 4. Qe3 d6 5. Nc3 Nf6 6. h3 a6 7. Bc4 Ne5 8. Be2 Be6 9. Bd2 Be7 10. f4 Nc4 11. Bxc4 Bxc4 12. O-O-O c6 13. Qg3 Qa5 14. Kb1 O-O-O 15. Nf3 Nxe4 16. Qe1 Nxc3+ 0-1

[Event "Schachfestival Senioren"]
[Site "Bad Woerishofen"]
[Date "2023.03.04"]
[Round "2.1"]
[White "Baum, Bernd"]
[Black "Scharrer, Udo"]
[Result "1/2-1/2"]
[WhiteElo "2272"]
[BlackElo "1942"]
[PlyCount "46"]
[EventDate "2023.??.??"]
[WhiteTeam "SK Marburg 1931/72"]
[BlackTeam "SV Dicker Turm Esslingen"]

1. e4 c5 2. Nc3 Nc6 3. g3 g6 4. Bg2 Bg7 5. d3 d6 6. Be3 Rb8 7. Qd2 b5 8. f4 b4 9. Nd1 Qb6 10. Nf3 e6 11. O-O Nge7 12. Kh1 Nd4 13. c3 bxc3 14. bxc3 Nxf3 15. Bxf3 Ba6 16. Rc1 O-O 17. Bf2 d5 18. e5 d4 19. c4 f6 20. exf6 Bxf6 21. Be1 e5 22. Bg2 exf4 23. Rxf4 Bb7 1/2-1/2

[Event "Schachfestival Senioren"]
[Site "Bad Woerishofen"]
[Date "2023.03.04"]
[Round "2.2"]
[White "Braeu, Wolfgang"]
[Black "Koehler, Gerhard"]
[Result "0-1"]
[WhiteElo "1921"]
[BlackElo "2244"]
[PlyCount "104"]
[EventDate "2023.??.??"]
[WhiteTeam "ASV Martinszell Abteilung Schach"]
[BlackTeam "USV Halle/ Saale"]

1. d4 Nf6 2. c4 e6 3. Nc3 Bb4 4. a3 Bxc3+ 5. bxc3 c5 6. e3 O-O 7. Nf3 d6 8. Be2 Nbd7 9. O-O Qc7 10. Qc2 b6 11. a4 a5 12. e4 Ba6 13. h3 Rac8 14. d5 Rfe8 15. Bd3 Nf8 16. Bg5 N6d7 17. Rfe1 h6 18. Be3 Qd8 19. Rab1 Rb8 20. Nd2 e5 21. Bf1 Ng6 22. g3 Qf6 23. f3 Ndf8 24. Bf2 Bc8 25. Rb2 Bd7 26. Reb1 Qd8 27. Bg2 Ne7 28. f4 exf4 29. gxf4 Neg6 30. Bg3 Nh7 31. Nf3 Nf6 32. e5 Nh5 33. Qf2 Bf5 34. Nh4 Nxg3 35. Nxf5 Nxf5 36. Be4 Ngh4 37. e6 g6 38. Kh2 Kg7 39. Rg1 fxe6 40. dxe6 Rxe6 41. Qc2 Qf6 42. Qd3 Rbe8 43. Re2 Ne7 44. Rf1 Nhf5 45. Rg2 Nh4 46. Rb2 Nef5 47. Re2 Qe7 48. Rfe1 Kh7 49. Qd5 Qf6 50. Qd3 Ng7 51. Qe3 Rxe4 52. Qxe4 Rxe4 0-1

[Event "Schachfestival Senioren"]
[Site "Bad Woerishofen"]
[Date "2023.03.04"]
[Round "2.3"]
[White "Luciani, Carlo"]
[Black "Cordara, Michele"]
[Result "1/2-1/2"]
[WhiteElo "2194"]
[BlackElo "1917"]
[PlyCount "121"]
[EventDate "2023.??.??"]
[BlackTeam "Scaccomattissimo"]

1. e4 e6 2. d4 d5 3. Nd2 dxe4 4. Nxe4 Be7 5. Nf3 Nf6 6. Nxf6+ Bxf6 7. g3 c5 8. dxc5 Qxd1+ 9. Kxd1 Bd7 10. Rb1 Bc6 11. Bg2 Na6 12. Be3 O-O-O+ 13. Kc1 Nb4 14. Ra1 Be4 15. Ne1 Bg6 16. c3 Nd5 17. Bd2 b6 18. cxb6 Nxb6 19. Be3 Rd7 20. Nc2 Nc4 21. Bc6 Rd6 22. Bb5 Nxe3 23. Nxe3 e5 24. Be2 Rhd8 25. Rd1 Bg5 26. Rxd6 Rxd6 27. h4 Bh6 28. g4 Bf4 29. a4 a5 30. Ra3 h5 31. Rb3 Be4 32. Rb5 hxg4 33. Bxg4+ f5 34. Rc5+ Kd7 35. Be2 Rh6 36. h5 g5 37. Kd1 g4 38. Nxg4 Rd6+ 39. Ke1 fxg4 40. Bxg4+ Ke7 41. Rxa5 Kf6 42. Be2 Kg5 43. Rc5 Bd2+ 44. Kf1 Kf4 45. Rc4 Kf5 46. b4 Bd5 47. Rc5 Kf4 48. h6 Bf3 49. Bxf3 Kxf3 50. Rxe5 Rxh6 51. Rf5+ Ke4 52. Rf7 Bxc3 53. b5 Rh1+ 54. Kg2 Rb1 55. f3+ Kd5 56. Rd7+ Ke6 57. Rc7 Ba5 58. Rc6+ Kd5 59. Ra6 Bc7 60. Kf2 Bf4 61. Kg2 1/2-1/2

[Event "Schachfestival Senioren"]
[Site "Bad Woerishofen"]
[Date "2023.03.04"]
[Round "2.4"]
[White "Kainz, Josef"]
[Black "Kierzek, Matthias"]
[Result "0-1"]
[WhiteElo "1913"]
[BlackElo "2177"]
[PlyCount "62"]
[EventDate "2023.??.??"]
[WhiteTeam "Frauental"]
[BlackTeam "SC Fulda"]

1. Nf3 d5 2. d4 Nf6 3. c4 c6 4. Qc2 g6 5. e3 Bf5 6. Qb3 Qb6 7. c5 Qc7 8. Nc3 Bg7 9. Be2 O-O 10. O-O Ne4 11. h3 Nd7 12. Nh4 Be6 13. Qd1 b6 14. cxb6 axb6 15. Nf3 b5 16. Bd3 f5 17. Qc2 Qd6 18. Bd2 Nb6 19. a3 Kh8 20. Rac1 Nc4 21. h4 Bg8 22. Ne2 Nexd2 23. Nxd2 Rfc8 24. g3 e5 25. h5 exd4 26. Nxd4 Nxe3 27. fxe3 Qxg3+ 28. Kh1 Qh3+ 29. Kg1 Qxe3+ 30. Rf2 Bxd4 31. Nf3 Qxf2+ 0-1

[Event "Schachfestival Senioren"]
[Site "Bad Woerishofen"]
[Date "2023.03.04"]
[Round "2.5"]
[White "Naeckel, Gerhard"]
[Black "Schwis, Joachim"]
[Result "1-0"]
[WhiteElo "2146"]
[BlackElo "1912"]
[PlyCount "89"]
[EventDate "2023.??.??"]
[WhiteTeam "SV Steinitz Puettlingen"]
[BlackTeam "SK Koeln-Suedwest"]

1. e4 g6 2. d4 d6 3. Nf3 Bg7 4. Bd3 Nf6 5. O-O O-O 6. Re1 Nbd7 7. e5 dxe5 8. dxe5 Nd5 9. Bxg6 hxg6 10. Qxd5 Nxe5 11. Rxe5 Bxe5 12. Qxe5 Qd1+ 13. Qe1 Rd8 14. Nc3 Qxe1+ 15. Nxe1 f6 16. Be3 c6 17. Rd1 Rxd1 18. Nxd1 b6 19. f3 Be6 20. Nc3 Rd8 21. Kf2 Kf7 22. f4 Rh8 23. h3 Bf5 24. Nd3 Bc8 25. Ne2 Bb7 26. b4 Ke6 27. c4 Bc8 28. a4 Kd7 29. c5 Kc7 30. cxb6+ axb6 31. a5 bxa5 32. bxa5 Ba6 33. Bb6+ Kc8 34. Nc5 Bxe2 35. Kxe2 Rh5 36. Ne6 Kb7 37. Nd8+ Ka6 38. Nxc6 e5 39. fxe5 fxe5 40. Ne7 Rg5 41. g4 e4 42. Ke3 Rb5 43. Nxg6 Rb3+ 44. Kxe4 Rxh3 45. Kf5 1-0

[Event "Schachfestival Senioren"]
[Site "Bad Woerishofen"]
[Date "2023.03.04"]
[Round "2.6"]
[White "Geyer, Bernhard"]
[Black "Wuest, Michael"]
[Result "1-0"]
[WhiteElo "2145"]
[BlackElo "1881"]
[PlyCount "87"]
[EventDate "2023.??.??"]
[WhiteTeam "SK Frankenthal"]
[BlackTeam "PTSV SK Hof 1892"]

1. d4 Nf6 2. c4 g6 3. Nc3 Bg7 4. e4 d6 5. Bd3 e5 6. d5 a5 7. Nge2 Na6 8. h3 Nc5 9. Bc2 Bd7 10. Bg5 h6 11. Be3 O-O 12. Qd2 Kh7 13. g4 Qe8 14. Ng3 Na4 15. Nxa4 Bxa4 16. b3 Bd7 17. f3 b6 18. h4 Bxg4 19. fxg4 Nxg4 20. h5 Nxe3 21. Qxe3 b5 22. c5 dxc5 23. Qxc5 b4 24. Bd3 Qd8 25. Qe3 a4 26. Bc4 axb3 27. Bxb3 Ra3 28. Rc1 Qe7 29. Rc6 Rb8 30. hxg6+ fxg6 31. Nf5 Rxb3 32. axb3 gxf5 33. Rcxh6+ Kg8 34. Qg1 Rb6 35. exf5 Rxh6 36. Rxh6 Kf8 37. Rh7 e4 38. Ke2 Qe5 39. Qxg7+ Qxg7 40. Rxg7 Kxg7 41. Ke3 Kf7 42. Kxe4 Ke7 43. Ke5 Kf7 44. f6 1-0

[Event "Schachfestival Senioren"]
[Site "Bad Woerishofen"]
[Date "2023.03.04"]
[Round "2.7"]
[White "Stern, Robert"]
[Black "Kroell, Johannes"]
[Result "0-1"]
[WhiteElo "1877"]
[BlackElo "2127"]
[PlyCount "72"]
[EventDate "2023.??.??"]
[WhiteTeam "Pimlico"]
[BlackTeam "Reutte"]

1. e4 e6 2. d4 b5 3. Nf3 Bb7 4. Bd3 c5 5. dxc5 Bxc5 6. O-O Qc7 7. Nbd2 a6 8. a4 b4 9. e5 f5 10. Nc4 Ne7 11. Be3 O-O 12. Bxc5 Qxc5 13. a5 Bd5 14. Nfd2 Ng6 15. Nb6 Ra7 16. Nxd5 Qxd5 17. f4 Qd4+ 18. Kh1 Nxf4 19. Nc4 Nc6 20. Re1 g5 21. Qf3 Nxd3 22. cxd3 g4 23. Qg3 Rf7 24. Re2 Rg7 25. Rf1 Rb7 26. Nd6 Rb8 27. Rf4 Qd5 28. Qe3 Qxa5 29. h3 h5 30. Nxf5 exf5 31. Rxf5 Rf8 32. Rxf8+ Kxf8 33. e6 d6 34. e7+ Nxe7 35. Qe6 Qf5 36. Qe3 Qf1+ 0-1

[Event "Schachfestival Senioren"]
[Site "Bad Woerishofen"]
[Date "2023.03.04"]
[Round "2.8"]
[White "Bhend, Edwin"]
[Black "Green, Per"]
[Result "1/2-1/2"]
[WhiteElo "2125"]
[BlackElo "1876"]
[PlyCount "69"]
[EventDate "2023.??.??"]
[WhiteTeam "Truemmerfeld"]
[BlackTeam "Argryte SK"]

1. d4 Nf6 2. e3 d5 3. Bd3 Bg4 4. Ne2 e6 5. Nd2 c5 6. c3 Nc6 7. f4 Bd6 8. O-O cxd4 9. exd4 Qc7 10. Nf3 O-O 11. Qe1 Bf5 12. Bxf5 exf5 13. Qh4 Rfe8 14. Ng3 Ne7 15. Ne5 Ne4 16. Rf3 f6 17. Nd3 Ng6 18. Qh5 Nxg3 19. hxg3 Qd7 20. Bd2 Re7 21. Rf2 Re4 22. Re1 Rae8 23. Rfe2 Nf8 24. Nf2 Rxe2 25. Rxe2 g6 26. Qf3 Rxe2 27. Qxe2 Ne6 28. b3 Be7 29. Qd3 Kg7 30. Be3 b5 31. Nd1 Nc7 32. Bd2 Ne8 33. Qf3 Qe6 34. Qe3 Kf7 35. Qxe6+ 1/2-1/2

[Event "Schachfestival Senioren"]
[Site "Bad Woerishofen"]
[Date "2023.03.04"]
[Round "2.9"]
[White "McAndrew, Robert"]
[Black "Rubke, Manfred"]
[Result "0-1"]
[WhiteElo "1874"]
[BlackElo "2093"]
[PlyCount "84"]
[EventDate "2023.??.??"]
[WhiteTeam "Gambit Bonnevoie"]
[BlackTeam "SAbt TSV Haunstetten"]

1. c4 e5 2. g3 Nc6 3. Bg2 g6 4. Nc3 Bg7 5. d3 Nge7 6. e4 d6 7. Bg5 h6 8. Be3 Be6 9. Qd2 Qd7 10. h4 Nd4 11. Nd5 c6 12. Bxd4 exd4 13. Nf4 O-O 14. Ngh3 d5 15. cxd5 cxd5 16. Nxe6 Qxe6 17. Nf4 Qe5 18. O-O dxe4 19. Bxe4 Rab8 20. Rfe1 Qd6 21. Qa5 Nc6 22. Bxc6 bxc6 23. b3 Qd7 24. Re4 Rb5 25. Qe1 Bf6 26. Qe2 Rc8 27. Rc1 Kg7 28. Re1 Rbb8 29. Qf3 Re8 30. Rxe8 Rxe8 31. Rxe8 Qxe8 32. Kg2 Qd7 33. Qe4 Qd6 34. Qe8 Bxh4 35. Qe4 Bf6 36. Kf3 Be5 37. Ng2 f5 38. Qh4 g5 39. Qh1 Qd5+ 40. Ke2 g4 41. Qf1 Qf3+ 42. Ke1 Bd6 0-1

[Event "Schachfestival Senioren"]
[Site "Bad Woerishofen"]
[Date "2023.03.04"]
[Round "2.10"]
[White "Bachmann, Rolf"]
[Black "Matzat, Andre"]
[Result "1/2-1/2"]
[WhiteElo "1870"]
[BlackElo "2092"]
[PlyCount "57"]
[EventDate "2023.??.??"]
[WhiteTeam "Hammer Sportclub 2008 e. V."]
[BlackTeam "Oberhausener SV 1887 e. V."]

1. d4 Nf6 2. Nf3 e6 3. Bf4 d5 4. e3 c5 5. c3 Nc6 6. Bd3 Nh5 7. Bg3 g6 8. Bh4 f6 9. Nbd2 cxd4 10. exd4 Nf4 11. Bf1 Bd6 12. Qc2 Bd7 13. g3 Nh5 14. g4 Nf4 15. Bg3 Qe7 16. O-O-O O-O 17. Kb1 Rfc8 18. Nb3 e5 19. dxe5 fxe5 20. Bxf4 Qf7 21. Nxe5 Nxe5 22. Bxe5 Bxe5 23. h3 Ba4 24. Qe2 Re8 25. Qd3 Rad8 26. Bg2 d4 27. c4 Bc6 28. Bxc6 bxc6 29. Rhf1 1/2-1/2

[Event "Schachfestival Senioren"]
[Site "Bad Woerishofen"]
[Date "2023.03.04"]
[Round "2.11"]
[White "Wegemund, Hubert"]
[Black "Larem, Ewald"]
[Result "1/2-1/2"]
[WhiteElo "1869"]
[BlackElo "2070"]
[PlyCount "85"]
[EventDate "2023.??.??"]
[WhiteTeam "SK Norderstedt von 1975"]
[BlackTeam "SC Rotenburg"]

1. e4 e6 2. d4 d5 3. Nd2 Nc6 4. Ngf3 Nf6 5. e5 Nd7 6. c3 f6 7. exf6 Qxf6 8. Bb5 Bd6 9. Nb3 O-O 10. O-O Kh8 11. Be3 a5 12. a4 e5 13. dxe5 Ncxe5 14. Be2 Nxf3+ 15. Bxf3 c6 16. Nd2 Ne5 17. Be2 Qh4 18. g3 Qh3 19. f4 Ng4 20. Bxg4 Bxg4 21. Nf3 Rae8 22. Qd2 Qh5 23. Ne5 Bxe5 24. fxe5 Qxe5 25. Bd4 Qh5 26. Rxf8+ Rxf8 27. Rf1 Rxf1+ 28. Kxf1 Bh3+ 29. Kf2 Bg4 30. h4 Qf5+ 31. Qf4 Qc2+ 32. Kg1 Qb1+ 33. Qf1 Qxf1+ 34. Kxf1 Bd1 35. Bb6 Kg8 36. Bxa5 Kf7 37. Bd8 Bxa4 38. Bb6 Ke6 39. Bd4 g6 40. Kf2 Kf5 41. Ke3 Bc2 42. b4 Bb1 43. Bc5 1/2-1/2

[Event "Schachfestival Senioren"]
[Site "Bad Woerishofen"]
[Date "2023.03.04"]
[Round "2.12"]
[White "Pfitzer, Norbert"]
[Black "Christen, Pierre"]
[Result "0-1"]
[WhiteElo "2061"]
[BlackElo "1855"]
[PlyCount "134"]
[EventDate "2023.??.??"]
[WhiteTeam "SV Backnang"]
[BlackTeam "SG Trier 1877 e.V."]

1. d4 d5 2. Nf3 Nf6 3. g3 c6 4. Bg2 h6 5. O-O Bf5 6. c4 e6 7. Nc3 Bb4 8. Qb3 Bxc3 9. Qxb7 O-O 10. bxc3 Qb6 11. Qxb6 axb6 12. Ne5 Ne4 13. Bxe4 dxe4 14. f3 f6 15. Ng4 exf3 16. exf3 Bd3 17. Rf2 Bxc4 18. Ne3 Bd3 19. Rd2 Bg6 20. a4 Na6 21. Rb2 Rfb8 22. Nc4 b5 23. axb5 cxb5 24. Nd6 Nc7 25. Rxa8 Rxa8 26. Kf2 Bd3 27. Ke3 Bf1 28. Bd2 Ra6 29. Kf2 Bd3 30. Ne4 Bc4 31. g4 Kf8 32. Bf4 Nd5 33. Bd6+ Ke8 34. Bc5 Nf4 35. Ke3 Nd3 36. Rd2 Nxc5 37. dxc5 e5 38. Rd6 Ra2 39. Nd2 Rc2 40. c6 Rxc3+ 41. Kf2 Ba2 42. Ne4 Rc2+ 43. Ke3 b4 44. Kd3 Bb1 45. Ke3 b3 46. Rd3 Rxc6 47. Rxb3 Bxe4 48. Kxe4 Kf7 49. h4 h5 50. Rb7+ Kg6 51. gxh5+ Kh6 52. Kf5 Rc4 53. Rb8 Rf4+ 54. Ke6 Rxh4 55. Rh8+ Kg5 56. Rh7 Rf4 57. Rxg7+ Kxh5 58. Rh7+ Kg5 59. Rh3 e4 60. fxe4 Rxe4+ 61. Kd5 f5 62. Rh8 Re1 63. Rg8+ Kf4 64. Kd4 Rd1+ 65. Kc3 Ke3 66. Re8+ Kf3 67. Kc2 Rd7 0-1

[Event "Schachfestival Senioren"]
[Site "Bad Woerishofen"]
[Date "2023.03.04"]
[Round "2.13"]
[White "Ganslmayer, Anton"]
[Black "Neese, Hans-Joachim"]
[Result "0-1"]
[WhiteElo "1856"]
[BlackElo "2058"]
[PlyCount "40"]
[EventDate "2023.??.??"]
[WhiteTeam "SV Jedesheim"]
[BlackTeam "SV Hennef 1927 e. V."]

1. e4 c5 2. Nf3 d6 3. Nc3 Nc6 4. d4 cxd4 5. Nxd4 Bd7 6. Bc4 a6 7. a3 Nf6 8. O-O e6 9. Be3 Be7 10. Ba2 O-O 11. h3 Rc8 12. g4 Nxd4 13. Bxd4 Bc6 14. Qe2 Qa5 15. f4 d5 16. f5 e5 17. Nxd5 Bxd5 18. exd5 exd4 19. Qxe7 Rxc2 20. Qe1 Qc7 0-1

[Event "Schachfestival Senioren"]
[Site "Bad Woerishofen"]
[Date "2023.03.04"]
[Round "2.14"]
[White "Mueller, Erich"]
[Black "Wild, Helmut"]
[Result "1/2-1/2"]
[WhiteElo "2024"]
[BlackElo "1855"]
[PlyCount "50"]
[EventDate "2023.??.??"]
[WhiteTeam "SK 1962 Ladenburg"]
[BlackTeam "SK Gau-Algesheim"]

1. f4 c5 2. Nf3 g6 3. e4 Bg7 4. Bc4 Nc6 5. O-O d6 6. Nc3 a6 7. a4 e6 8. d3 Nge7 9. Qe1 Nd4 10. Nxd4 cxd4 11. Ne2 d5 12. Bb3 dxe4 13. dxe4 O-O 14. Bc4 Bd7 15. Bd3 b5 16. axb5 Bxb5 17. Rf3 Nc6 18. Bd2 Bxd3 19. cxd3 a5 20. b3 Qb6 21. Nc1 Rfc8 22. Ra4 Nb4 23. Bxb4 axb4 24. Rxa8 Rxa8 25. Rf1 Ra1 1/2-1/2

[Event "Schachfestival Senioren"]
[Site "Bad Woerishofen"]
[Date "2023.03.04"]
[Round "2.15"]
[White "Kievelitz, Bernd"]
[Black "Nordby, Bernt"]
[Result "1-0"]
[WhiteElo "1854"]
[BlackElo "2001"]
[PlyCount "97"]
[EventDate "2023.??.??"]
[WhiteTeam "Zitadelle Spandau"]
[BlackTeam "Fredrikstad Schakselskap"]

1. Nf3 Nf6 2. c4 d6 3. d4 g6 4. Nc3 Bf5 5. Qb3 Qc8 6. g3 Ne4 7. Nxe4 Bxe4 8. Bg2 Bg7 9. O-O O-O 10. Bd2 c5 11. d5 Na6 12. Bc3 Bxc3 13. Qxc3 Rb8 14. Nd2 Bxg2 15. Kxg2 b5 16. e4 e6 17. cxb5 Rxb5 18. Nc4 Rd8 19. b3 exd5 20. exd5 Nc7 21. Rad1 Qa8 22. Qf3 Rd7 23. Rd3 Rb8 24. a4 Re8 25. Rfd1 Qd8 26. Re3 Rxe3 27. Qxe3 Qf6 28. Qf3 Qxf3+ 29. Kxf3 Kg7 30. Ne3 f5 31. Ke2 Kf7 32. Rc1 Re7 33. Kd3 Re4 34. Rc4 Re5 35. f4 Re7 36. Rc2 Na6 37. Re2 Re4 38. Nc2 c4+ 39. bxc4 Nc5+ 40. Kd2 Rxc4 41. Re1 Nb3+ 42. Kd3 Rxa4 43. Rb1 Nc5+ 44. Kd2 Re4 45. Rb5 Re7 46. Nd4 Rc7 47. Nc6 a6 48. Rb8 Rb7 49. Nd8+ 1-0

[Event "Schachfestival Senioren"]
[Site "Bad Woerishofen"]
[Date "2023.03.04"]
[Round "2.16"]
[White "Wulf, Juergen"]
[Black "Fiedler, Wolfgang"]
[Result "1/2-1/2"]
[WhiteElo "1841"]
[BlackElo "1990"]
[PlyCount "60"]
[EventDate "2023.??.??"]
[WhiteTeam "Markdorf"]
[BlackTeam "SC Schwarz-Weiss Nuernberg Sued e.V."]

1. d4 g6 2. Nf3 Bg7 3. g3 d6 4. Bg2 Nc6 5. O-O e5 6. dxe5 dxe5 7. Qxd8+ Nxd8 8. Nc3 Ne6 9. Rb1 f6 10. b3 Bd7 11. e3 O-O-O 12. Ba3 Bc6 13. Rbd1 Nh6 14. e4 Rxd1 15. Rxd1 Rd8 16. Nd5 Bxd5 17. exd5 c6 18. c4 cxd5 19. Rxd5 Rxd5 20. cxd5 Nc7 21. Nd2 Nb5 22. Bb4 b6 23. Nc4 Kd7 24. a4 Nd4 25. a5 b5 26. Nd2 Nf7 27. a6 Nd6 28. Bc5 Nc8 29. Bf1 f5 30. b4 e4 1/2-1/2

[Event "Schachfestival Senioren"]
[Site "Bad Woerishofen"]
[Date "2023.03.04"]
[Round "2.17"]
[White "Vonach, Bernhard"]
[Black "Walther, Reinhard"]
[Result "0-1"]
[WhiteElo "1829"]
[BlackElo "1987"]
[PlyCount "114"]
[EventDate "2023.??.??"]
[WhiteTeam "Sportfr.Windach e.V.1923"]
[BlackTeam "SK 1911 Herzogenaurach e.V."]

1. Nf3 Nf6 2. b3 d6 3. d4 g6 4. Bb2 Bg7 5. Nbd2 O-O 6. e3 Nbd7 7. c4 c5 8. g3 Qc7 9. Bg2 e5 10. d5 Rb8 11. a4 a6 12. Qe2 b5 13. axb5 axb5 14. O-O Nb6 15. Ra2 Bg4 16. h3 Bd7 17. Rfa1 Ra8 18. Ng5 Rxa2 19. Rxa2 Ra8 20. Rxa8+ Nxa8 21. Nge4 Ne8 22. Qd1 Qa5 23. Qa1 Qxa1+ 24. Bxa1 Nac7 25. Bf1 b4 26. g4 f5 27. gxf5 gxf5 28. Ng3 Nf6 29. e4 Bh6 30. Nf3 Nxe4 31. Nxe4 fxe4 32. Nh4 Bg5 33. Ng2 Bxh3 34. Ne3 Bxf1 35. Nxf1 Bf4 36. Ng3 e3 37. Ne2 exf2+ 38. Kxf2 Bg5 39. Kf3 Kf7 40. Ng3 Ne8 41. Ne4 Be7 42. Bb2 Kg6 43. Bc1 Ng7 44. Be3 Nf5 45. Bf2 h5 46. Kg2 Nd4 47. Bxd4 exd4 48. Kf3 h4 49. Kg4 d3 50. Nf2 d2 51. Nd1 Bf6 52. Nf2 Bd4 53. Nd1 h3 54. Kxh3 Kf5 55. Kg3 Ke4 56. Kg4 Kd3 57. Kf3 Kc2 0-1

[Event "Schachfestival Senioren"]
[Site "Bad Woerishofen"]
[Date "2023.03.04"]
[Round "2.18"]
[White "Zwetz, Anita"]
[Black "Waltenberger, Udo"]
[Result "1/2-1/2"]
[WhiteElo "1827"]
[BlackElo "1978"]
[PlyCount "74"]
[EventDate "2023.??.??"]
[WhiteTeam "TSV Kareth-Lappersdorf"]
[BlackTeam "SV Eiche Reichenbrand"]

1. d4 Nf6 2. Nf3 g6 3. Bg5 Bg7 4. c3 d5 5. Nbd2 Nbd7 6. e3 O-O 7. Bd3 Re8 8. Ne5 Nxe5 9. dxe5 Ng4 10. f4 h6 11. Bh4 Nxe3 12. Qf3 Nf5 13. Bxf5 Bxf5 14. g4 Bc8 15. O-O-O c6 16. Rhe1 Qa5 17. Kb1 e6 18. Bf6 b5 19. Bxg7 Kxg7 20. h4 b4 21. Nb3 Qb6 22. h5 a5 23. g5 a4 24. gxh6+ Kh7 25. Nd2 Rb8 26. c4 a3 27. Qd3 Rg8 28. hxg6+ fxg6 29. Re2 Qc5 30. Rh1 Qf8 31. Nf3 Qxf4 32. Rg2 Rb7 33. Ng5+ Kh8 34. Rf1 dxc4 35. Qe2 Qd4 36. Nf7+ Kh7 37. Ng5+ Kh8 1/2-1/2

[Event "Schachfestival Senioren"]
[Site "Bad Woerishofen"]
[Date "2023.03.04"]
[Round "2.19"]
[White "Emser, Heinrich"]
[Black "Remensberger, Paul"]
[Result "0-1"]
[WhiteElo "1822"]
[BlackElo "1977"]
[PlyCount "70"]
[EventDate "2023.??.??"]
[WhiteTeam "Vereinslos"]
[BlackTeam "Herrliberg"]

1. d4 d5 2. c4 e6 3. e3 Nf6 4. Nc3 Be7 5. Nf3 O-O 6. Bd3 b6 7. O-O Bb7 8. cxd5 exd5 9. Bd2 Nbd7 10. Rc1 a6 11. Bb1 Bd6 12. Ne2 Re8 13. Ng3 g6 14. Bc3 Rc8 15. h4 Bxg3 16. fxg3 Ng4 17. Ne5 Ndxe5 18. dxe5 Nxe3 19. Qf3 Nxf1 20. Rxf1 Qe7 21. Qf4 c5 22. Re1 d4 23. Bd2 Rc6 24. a3 b5 25. h5 Re6 26. Ba2 c4 27. Bb4 Qc7 28. Rf1 f5 29. Bd6 Qc6 30. Rf2 Qe4 31. Qc1 Rxe5 32. Bxe5 Qxe5 33. Kh2 Be4 34. hxg6 hxg6 35. Qh6 Qh8 0-1

[Event "Schachfestival Senioren"]
[Site "Bad Woerishofen"]
[Date "2023.03.04"]
[Round "2.20"]
[White "Rumsey, Victor B"]
[Black "Schwalb, Manfred"]
[Result "0-1"]
[WhiteElo "1696"]
[BlackElo "1955"]
[PlyCount "66"]
[EventDate "2023.??.??"]
[WhiteTeam "Battersea"]
[BlackTeam "SV Calw"]

1. d4 Nf6 2. c4 g6 3. Nc3 Bg7 4. e4 d6 5. Nf3 O-O 6. Be2 Nbd7 7. O-O e5 8. Be3 Ng4 9. Bg5 f6 10. Bd2 c6 11. h3 Nh6 12. Qc2 Qe7 13. Rfe1 f5 14. dxe5 dxe5 15. exf5 gxf5 16. g4 fxg4 17. Ng5 Nf6 18. Bd3 Nf7 19. Bxh7+ Kh8 20. Bg6 Nxg5 21. Bxg5 Qc5 22. Bxf6 Bxf6 23. Ne4 Qe7 24. Qd2 Qg7 25. Nxf6 Qxg6 26. Nxg4 Bxg4 27. hxg4 Qxg4+ 28. Kf1 Qh3+ 29. Ke2 Qf3+ 30. Kf1 Qh1+ 31. Ke2 Rxf2+ 32. Kxf2 Rf8+ 33. Ke2 Qf3# 0-1